Score 0/30 Timer 10:00
0 Plays Today
Team Example Players % Correct
Charlotte Hornets
(only team played for)
Miles Bridges, Cody Zeller, Devonte' Graham
95.9%
Los Angeles LakersElden Campbell, Kwame Brown, Kurt Rambis
80.4%
Brooklyn NetsKendall Gill, Johnny Newman, P.J. Brown
77%
Atlanta HawksMarvin Williams, Chucky Brown, Tony Delk
75.7%
Washington WizardsMuggsy Bogues, Rex Chapman, Dominic McGuire
75.7%
Golden State WarriorsMuggsy Bogues, Stephen Jackson, Jason Richardson
75%
Phoenix SunsKenny Gattison, Rex Chapman, Jared Dudley
75%
Portland Trail BlazersNicolas Batum, Derek Anderson, Stacey Augmon
75%
San Antonio SpursTony Parker, Boris Diaw, Marco Belinelli
75%
Miami HeatGlen Rice, Alonzo Mourning, Jamaal Magloire
75%
Chicago BullsTyrus Thomas, Ben Gordon, B.J. Armstrong
71.6%
New Orleans PelicansDavid Wesley, Emeka Okafor, Melvin Ely
70.9%
New York KnicksLarry Johnson, Malik Rose, Tyson Chandler
70.3%
Orlando MagicD.J. Augustin, Keith Bogans, Dwight Howard
70.3%
Houston RocketsRobert Reid, Eldridge Recasner, Eddie Johnson
69.6%
Team Example Players % Correct
Oklahoma City ThunderRaymond Felton, Jeremy Lamb, David Wingate
67.6%
Dallas MavericksDeSagana Diop, Jamal Mashburn, Brendan Haywood
66.9%
Utah JazzKelly Tripucka, Eric Leckner, Raja Bell
66.9%
Indiana PacersPrimož Brezec, Josh McRoberts, Lance Stephenson
66.9%
Cleveland CavaliersBobby Phills, Ryan Hollins, Jumaine Jones
66.2%
Boston CelticsDavid Wesley, Robert Parish, Kemba Walker
64.9%
Toronto RaptorsDell Curry, Bismack Biyombo, Jason Kapono
64.9%
Los Angeles ClippersBaron Davis, Jeff McInnis, Shaun Livingston
63.5%
Philadelphia 76ersGerald Henderson, Hersey Hawkins, Michael Carter-Williams
62.8%
Sacramento KingsGerald Wallace, Vlade Divac, Brad Miller
60.1%
Detroit PistonsRafael Addison, Earl Cureton, Jason Maxiell
58.8%
Milwaukee BucksArmen Gilliam, Randolph Keys, Ramon Sessions
56.1%
Minnesota TimberwolvesAl Jefferson, Donald Royal, Anthony Tolliver
53.4%
Memphis GrizzliesBrevin Knight, Eddie Jones, Troy Daniels
27.7%
Denver NuggetsAnthony Goldwire, Joe Wolf, Michael Adams
23%
Remove Ads.
Support Sporcle.
Get the best of Sporcle when you Go Orange. This ad-free experience offers more features, more stats, and more fun while also helping to support Sporcle. Thank you for becoming a member.

You're not logged in!

Compare scores with friends on all Sporcle quizzes.
OR
Log In

Show Comments

Extras

Top Quizzes Today


Score Distribution

Your Account Isn't Verified!

In order to create a playlist on Sporcle, you need to verify the email address you used during registration. Go to your Sporcle Settings to finish the process.

Report this User

Report this user for behavior that violates our Community Guidelines.

Details: